000
00295nam a2200121Ia 4500
008
220204s9999 xx 000 0 und d
082
_a
82-3
_b
BER
100
_a
Bernstein, Carl
245
0
_a
All the President's men
260
_a
New York
_b
Warner
_c
1975
700
_a
Woodward, Bob
942
_c
BK
999
_c
29978
_d
29978